[Event "FICGS theme 0254 email"]
[Site "FICGS email"]
[Date "2023.01.19"]
[Round "1"]
[White "Brand Lyard, Paul"]
[Black "Salvatore, Carmine"]
[Result "0-1"]
[WhiteElo "1366"]
[BlackElo "2150"]
[PlyCount "22"]
[EventDate "2023.??.??"]
[EventType "swiss (corr)"]
[EventRounds "1"]
[SourceTitle "Corr 2024"]
[Source "ChessBase"]
[SourceDate "2023.10.19"]
[SourceVersion "1"]
[SourceVersionDate "2023.10.19"]
[SourceQuality "1"]

1. d4 f5 2. Qd3 d5 3. g4 e5 4. gxf5 exd4 5. Bg5 Qxg5 6. Qb5+ c6 7. Qd3 Qc1+ 8. Qd1 Bb4+ 9. Nc3 Qxb2 10. Qb1 Qxc3+ 11. Kd1 Qd2# 0-1

[Event "FICGS theme 0254 email"]
[Site "FICGS email"]
[Date "2023.01.19"]
[Round "1"]
[White "Salvatore, Carmine"]
[Black "Csoma, Robert"]
[Result "1-0"]
[WhiteElo "2150"]
[BlackElo "1712"]
[PlyCount "37"]
[EventDate "2023.??.??"]
[EventType "swiss (corr)"]
[EventRounds "1"]
[SourceTitle "Corr 2024"]
[Source "ChessBase"]
[SourceDate "2023.10.19"]
[SourceVersion "1"]
[SourceVersionDate "2023.10.19"]
[SourceQuality "1"]

1. d4 f5 2. Qd3 d5 3. g4 fxg4 4. Nc3 Nf6 5. Bg5 e6 6. h3 Be7 7. hxg4 g6 8. Qg3 Bd7 9. e3 Ne4 10. Nxe4 dxe4 11. Bf4 c6 12. Bc7 Qc8 13. Be5 Rf8 14. Rxh7 b6 15. Qh2 Na6 16. Rxe7+ Kxe7 17. Bd6+ Ke8 18. Qh7 Qd8 19. Qxg6+ 1-0

[Event "ST-2020-0-00138"]
[Site "LSS email"]
[Date "2020.02.18"]
[Round "?"]
[White "Salvatore, Carmine"]
[Black "Steinke, Ruediger"]
[Result "1/2-1/2"]
[WhiteElo "2353"]
[BlackElo "2362"]
[PlyCount "50"]
[EventDate "2020.01.31"]
[EventType "tourn (corr)"]
[EventRounds "6"]
[EventCountry "GER"]
[SourceTitle "Corr 2022"]
[Source "ChessBase"]
[SourceDate "2021.10.24"]
[SourceVersion "1"]
[SourceVersionDate "2021.10.24"]
[SourceQuality "1"]

1. e4 c5 2. Nf3 d6 3. d4 cxd4 4. Nxd4 Nf6 5. Nc3 a6 6. Be3 e5 7. Nb3 Be6 8. f3 h5 9. Qd2 Nbd7 10. Nd5 Bxd5 11. exd5 g6 12. Be2 Bg7 13. 0-0 b6 14. a4 0-0 15. h3 Qc7 16. c3 Qb7 17. Rfd1 Rfe8 18. Ra3 Kh7 19. Kh1 Qc7 20. g3 Qd8 21. Rc1 Ng8 22. g4 hxg4 23. hxg4 Bh6 24. g5 Bg7 25. a5 b5 1/2-1/2

[Event "ST-2020-0-00138"]
[Site "LSS email"]
[Date "2020.02.18"]
[Round "?"]
[White "Szczepanski, Zbigniew"]
[Black "Salvatore, Carmine"]
[Result "1/2-1/2"]
[WhiteElo "2408"]
[BlackElo "2353"]
[PlyCount "54"]
[EventDate "2020.01.31"]
[EventType "tourn (corr)"]
[EventRounds "6"]
[EventCountry "GER"]
[SourceTitle "Corr 2022"]
[Source "ChessBase"]
[SourceDate "2021.10.24"]
[SourceVersion "1"]
[SourceVersionDate "2021.10.24"]
[SourceQuality "1"]

1. d4 Nf6 2. c4 e6 3. Nc3 Bb4 4. f3 d5 5. a3 Be7 6. e4 c5 7. e5 Nfd7 8. cxd5 exd5 9. Nxd5 cxd4 10. Nxe7 Qxe7 11. f4 f6 12. Nf3 fxe5 13. Bc4 Nc6 14. 0-0 e4 15. Re1 Nf6 16. Nxd4 Nxd4 17. Qxd4 Be6 18. b4 Bxc4 19. Qxc4 Qf7 20. Qc5 Qe7 21. Qb5+ Qd7 22. Qxd7+ Kxd7 23. Bb2 Ke6 24. Bxf6 Kxf6 25. Rxe4 Rhe8 26. Rxe8 Rxe8 27. Kf2 Rc8 1/2-1/2

[Event "WC-2019-S-00003"]
[Site "LSS email"]
[Date "2019.08.28"]
[Round "?"]
[White "Salvatore, Carmine"]
[Black "Quinones Borda, Jorge Victor"]
[Result "1/2-1/2"]
[WhiteElo "2379"]
[BlackElo "2289"]
[PlyCount "86"]
[EventDate "2019.09.01"]
[EventType "tourn (corr)"]
[EventRounds "12"]
[EventCountry "GER"]
[SourceTitle "Corr 2024"]
[Source "ChessBase"]
[SourceDate "2023.10.19"]
[SourceVersion "1"]
[SourceVersionDate "2023.10.19"]
[SourceQuality "1"]

1. e4 c5 2. Nf3 e6 3. d4 cxd4 4. Nxd4 Nc6 5. Nc3 Qc7 6. Be2 a6 7. 0-0 Nf6 8. Be3 Bb4 9. Na4 Be7 10. Nxc6 bxc6 11. Nb6 Rb8 12. Nxc8 Qxc8 13. Bd4 Qc7 14. e5 Nd5 15. b3 a5 16. Qd2 0-0 17. c4 Nb4 18. Rfd1 c5 19. Bc3 Rfd8 20. Bf3 Qa7 21. Rab1 h6 22. g3 Nc6 23. Bxc6 dxc6 24. Qc2 Rxd1+ 25. Rxd1 a4 26. bxa4 Ra8 27. Qe2 Qxa4 28. Rd7 Bf8 29. Qf3 Qxc4 30. Bd2 Qxa2 31. Qxf7+ Kh7 32. Kg2 Qc4 33. Qf3 Qc2 34. Qxc6 Re8 35. Rf7 Rd8 36. Ba5 Qg6 37. Bxd8 Qxf7 38. Bc7 g5 39. Bd6 Bg7 40. Qe4+ Qg6 41. Qxg6+ Kxg6 42. Kf3 Kf7 43. Bxc5 Bxe5 1/2-1/2

[Event "WC-2019-Q-00005"]
[Site "LSS email"]
[Date "2019.08.28"]
[Round "?"]
[White "Salvatore, Carmine"]
[Black "Susla, Vitaliy"]
[Result "1/2-1/2"]
[WhiteElo "2379"]
[BlackElo "2334"]
[PlyCount "85"]
[EventDate "2019.09.01"]
[EventType "tourn (corr)"]
[EventRounds "12"]
[EventCountry "GER"]
[SourceTitle "Corr 2022"]
[Source "ChessBase"]
[SourceDate "2021.10.24"]
[SourceVersion "1"]
[SourceVersionDate "2021.10.24"]
[SourceQuality "1"]

1. e4 c5 2. Nf3 d6 3. d4 cxd4 4. Nxd4 Nf6 5. Nc3 a6 6. Be3 e5 7. Nb3 Be6 8. f3 h5 9. Qd2 Nbd7 10. Nd5 Bxd5 11. exd5 g6 12. Be2 Bg7 13. 0-0 b6 14. Kh1 h4 15. Bg5 h3 16. g4 Kf8 17. Be3 Rh7 18. Rg1 Kg8 19. Rg3 b5 20. a4 bxa4 21. Rxa4 Nb6 22. Ra5 Qc7 23. Qd3 Qb7 24. c4 e4 25. fxe4 Nbd7 26. Bg1 Rh4 27. c5 dxc5 28. Nxc5 Qxb2 29. d6 Rc8 30. Bd4 Nxg4 31. Bxb2 Nf2+ 32. Kg1 Nxd3 33. Rxd3 Rxc5 34. Rxc5 Nxc5 35. d7 Nxd7 36. Bxg7 Kxg7 37. Rxd7 Rxe4 38. Kf2 Ra4 39. Kg3 Ra3+ 40. Kh4 Ra2 41. Rxf7+ Kxf7 42. Bc4+ Kf6 43. Bxa2 1/2-1/2

[Event "WC-2019-S-00003"]
[Site "LSS email"]
[Date "2019.08.28"]
[Round "?"]
[White "Schmidt, Johannes"]
[Black "Salvatore, Carmine"]
[Result "1-0"]
[WhiteElo "2262"]
[BlackElo "2379"]
[PlyCount "101"]
[EventDate "2019.09.01"]
[EventType "tourn (corr)"]
[EventRounds "12"]
[EventCountry "GER"]
[SourceTitle "Corr 2024"]
[Source "ChessBase"]
[SourceDate "2023.10.19"]
[SourceVersion "1"]
[SourceVersionDate "2023.10.19"]
[SourceQuality "1"]

1. e4 e5 2. Nc3 Nc6 3. Bc4 Nf6 4. d3 Na5 5. Bb3 c6 6. f4 d6 7. Nf3 exf4 8. Bxf4 Be7 9. Qe2 0-0 10. 0-0 d5 11. h3 Be6 12. Qf2 Nxb3 13. axb3 a6 14. e5 Nd7 15. Ne2 Bf5 16. Be3 c5 17. Rad1 d4 18. Bd2 Rc8 19. Rde1 Nb8 20. Qg3 Nc6 21. Rf2 Qd7 22. Nf4 Bd8 23. Nh4 Bg6 24. Nfxg6 hxg6 25. Nf3 Re8 26. Re4 b5 27. h4 c4 28. h5 gxh5 29. Bh6 g6 30. Bg5 cxb3 31. cxb3 Qd5 32. Rf1 Bxg5 33. Nxg5 Nxe5 34. Nxf7 Ng4 35. Nd6 Rxe4 36. dxe4 Qc5 37. Nxc8 d3+ 38. Kh1 d2 39. Qf3 Kh8 40. e5 Qxc8 41. e6 Qd8 42. g3 Kg7 43. Rd1 Qd6 44. Qc3+ Kh7 45. Rxd2 Qxe6 46. Rd4 b4 47. Qc7+ Kh6 48. Qc1+ g5 49. Qd2 Nf6 50. Kg1 Qb6 51. Qxb4 1-0

[Event "WC-2019-S-00003"]
[Site "LSS email"]
[Date "2019.08.28"]
[Round "?"]
[White "Sidenko, Anatoly"]
[Black "Salvatore, Carmine"]
[Result "1/2-1/2"]
[WhiteElo "2369"]
[BlackElo "2379"]
[PlyCount "76"]
[EventDate "2019.09.01"]
[EventType "tourn (corr)"]
[EventRounds "12"]
[EventCountry "GER"]
[SourceTitle "Corr 2024"]
[Source "ChessBase"]
[SourceDate "2023.10.19"]
[SourceVersion "1"]
[SourceVersionDate "2023.10.19"]
[SourceQuality "1"]

1. d4 Nf6 2. c4 e6 3. Nf3 d5 4. Nc3 c6 5. Bg5 dxc4 6. e4 b5 7. e5 h6 8. Bh4 g5 9. Nxg5 hxg5 10. Bxg5 Nbd7 11. g3 Bb7 12. Bg2 Qb6 13. exf6 0-0-0 14. 0-0 c5 15. d5 b4 16. Na4 Qb5 17. a3 Nb8 18. axb4 cxb4 19. Qg4 Bxd5 20. Rfc1 Nc6 21. Bxd5 Rxd5 22. Rxc4 Rxg5 23. Qd4 Kb8 24. Rxc6 Rxg3+ 25. fxg3 Qxc6 26. Rd1 Qc7 27. b3 Kc8 28. Qe3 Kb8 29. Qd4 Kc8 30. Qe3 Kb8 31. Qd3 Bh6 32. Kf1 Qc6 33. h4 Rg8 34. Kf2 a5 35. g4 Bf4 36. Qf3 Qc2+ 37. Kf1 Bc7 38. g5 Rd8 1/2-1/2

[Event "WC-2019-S-00003"]
[Site "LSS email"]
[Date "2019.08.28"]
[Round "?"]
[White "Susla, Vitaliy"]
[Black "Salvatore, Carmine"]
[Result "1/2-1/2"]
[WhiteElo "2334"]
[BlackElo "2379"]
[PlyCount "59"]
[EventDate "2019.09.01"]
[EventType "tourn (corr)"]
[EventRounds "12"]
[EventCountry "GER"]
[SourceTitle "Corr 2024"]
[Source "ChessBase"]
[SourceDate "2023.10.19"]
[SourceVersion "1"]
[SourceVersionDate "2023.10.19"]
[SourceQuality "1"]

1. d4 Nf6 2. c4 e6 3. Nf3 d5 4. Nc3 c6 5. e3 Nbd7 6. Qc2 Bd6 7. Bd3 0-0 8. 0-0 dxc4 9. Bxc4 b5 10. Bd3 Bb7 11. a3 a6 12. b4 a5 13. Rb1 axb4 14. axb4 Qe7 15. e4 e5 16. Ne2 Bxb4 17. Ng3 exd4 18. e5 Nxe5 19. Nxe5 c5 20. Rxb4 cxb4 21. Re1 Rfe8 22. Bxb5 Rec8 23. Qb1 Qc5 24. Bc4 Bd5 25. Bxd5 Nxd5 26. Qf5 Qc7 27. Nd3 Qd6 28. Qf3 Re8 29. Rxe8+ Rxe8 30. Nf5 1/2-1/2

[Event "CP-2019-S-00003"]
[Site "LSS email"]
[Date "2019.02.09"]
[Round "?"]
[White "Salvatore, Carmine"]
[Black "Pascual Perez, Norge"]
[Result "1/2-1/2"]
[WhiteElo "2382"]
[BlackElo "2457"]
[PlyCount "73"]
[EventDate "2019.02.15"]
[EventType "tourn (corr)"]
[EventRounds "7"]
[EventCountry "GER"]
[SourceTitle "Corr 2022"]
[Source "ChessBase"]
[SourceDate "2021.10.24"]
[SourceVersion "1"]
[SourceVersionDate "2021.10.24"]
[SourceQuality "1"]

1. e4 c5 2. Nf3 d6 3. d4 cxd4 4. Nxd4 Nf6 5. Nc3 a6 6. Be3 e5 7. Nb3 Be6 8. f3 h5 9. Qd2 Nbd7 10. Nd5 Nxd5 11. exd5 Bf5 12. Be2 Qh4+ 13. Bf2 Qf6 14. Bd3 Be7 15. Na5 0-0 16. 0-0 Rab8 17. b4 Bd8 18. Nb3 Qg6 19. Bxf5 Qxf5 20. c4 Bg5 21. Be3 Bxe3+ 22. Qxe3 Nf6 23. Rfd1 h4 24. Nd2 Qg6 25. Ne4 h3 26. Nxf6+ Qxf6 27. c5 hxg2 28. Kxg2 g6 29. Kg3 Kg7 30. h4 Qe7 31. Rh1 Rh8 32. h5 gxh5 33. Rae1 Rbc8 34. f4 dxc5 35. fxe5 cxb4 36. Qf4 Rh6 37. Reg1 1/2-1/2

[Event "CP-2019-S-00003"]
[Site "LSS email"]
[Date "2019.02.09"]
[Round "?"]
[White "Salvatore, Carmine"]
[Black "Susla, Vitaliy"]
[Result "1/2-1/2"]
[WhiteElo "2382"]
[BlackElo "2323"]
[PlyCount "90"]
[EventDate "2019.02.15"]
[EventType "tourn (corr)"]
[EventRounds "7"]
[EventCountry "GER"]
[SourceTitle "Corr 2022"]
[Source "ChessBase"]
[SourceDate "2021.10.24"]
[SourceVersion "1"]
[SourceVersionDate "2021.10.24"]
[SourceQuality "1"]

1. e4 c5 2. Nf3 d6 3. d4 cxd4 4. Nxd4 Nf6 5. Nc3 a6 6. Be3 e5 7. Nb3 Be6 8. f3 h5 9. Qd2 Nbd7 10. Nd5 Bxd5 11. exd5 g6 12. Be2 Bg7 13. 0-0 b6 14. Kh1 0-0 15. c3 Re8 16. Rad1 b5 17. g4 h4 18. Bg5 h3 19. Bd3 Qc7 20. Be4 a5 21. Qe2 Rab8 22. Nd2 a4 23. Qd3 Nc5 24. Qe3 Ncd7 25. Rg1 Nb6 26. Qd3 Nc4 27. Nxc4 Qxc4 28. a3 Qxd3 29. Rxd3 Rbc8 30. Bh4 Rc4 31. Re3 Rf8 32. Be1 Nxe4 33. fxe4 f6 34. Rgg3 f5 35. gxf5 gxf5 36. exf5 Rxf5 37. Rg1 Rh5 38. Reg3 Rc7 39. Rg6 Rd7 40. Bd2 Kh7 41. Be3 Bf8 42. R6g5 Rxg5 43. Rxg5 Rf7 44. Rh5+ Kg6 45. Rg5+ Kf6 1/2-1/2

[Event "CP-2019-S-00003"]
[Site "LSS email"]
[Date "2019.02.09"]
[Round "?"]
[White "Salvatore, Carmine"]
[Black "Yarmolyuk, Yury"]
[Result "1/2-1/2"]
[WhiteElo "2382"]
[BlackElo "2296"]
[PlyCount "74"]
[EventDate "2019.02.15"]
[EventType "tourn (corr)"]
[EventRounds "7"]
[EventCountry "GER"]
[SourceTitle "Corr 2022"]
[Source "ChessBase"]
[SourceDate "2021.10.24"]
[SourceVersion "1"]
[SourceVersionDate "2021.10.24"]
[SourceQuality "1"]

1. e4 e5 2. Nf3 Nc6 3. Bb5 a6 4. Ba4 Nf6 5. 0-0 Be7 6. Re1 b5 7. Bb3 0-0 8. h3 Bb7 9. d3 d5 10. exd5 Nxd5 11. Nxe5 Nd4 12. Bd2 Re8 13. Nc3 Nxb3 14. axb3 Nf6 15. Bf4 Qd4 16. Bg3 Bd6 17. Ne2 Qb6 18. d4 Ne4 19. Qd3 h6 20. Nf3 Nxg3 21. Nxg3 Bxf3 22. Qxf3 Qxd4 23. c3 Qb6 24. Nf5 Bf8 25. b4 c5 26. bxc5 Bxc5 27. b4 Bf8 28. Rxe8 Rxe8 29. Ne3 Re6 30. Nd5 Qd8 31. Kf1 g6 32. g3 h5 33. Rd1 Rd6 34. Kg2 Bg7 35. Qd3 Kf8 36. c4 bxc4 37. Qxc4 Kg8 1/2-1/2

[Event "CP-2019-S-00003"]
[Site "LSS email"]
[Date "2019.02.09"]
[Round "?"]
[White "Szabo, Vilmos"]
[Black "Salvatore, Carmine"]
[Result "1/2-1/2"]
[WhiteElo "2425"]
[BlackElo "2382"]
[PlyCount "121"]
[EventDate "2019.02.15"]
[EventType "tourn (corr)"]
[EventRounds "7"]
[EventCountry "GER"]
[SourceTitle "Corr 2022"]
[Source "ChessBase"]
[SourceDate "2021.10.24"]
[SourceVersion "1"]
[SourceVersionDate "2021.10.24"]
[SourceQuality "1"]

1. d4 Nf6 2. c4 e6 3. Nf3 d5 4. Nc3 c6 5. Bg5 dxc4 6. e4 b5 7. e5 h6 8. Bh4 g5 9. Nxg5 hxg5 10. Bxg5 Nbd7 11. exf6 Bb7 12. Be2 Qb6 13. Bf3 0-0-0 14. Qe2 Qxd4 15. Rd1 Qe5 16. Ne4 Bb4+ 17. Kf1 Rxh2 18. g3 Rxh1+ 19. Bxh1 Qf5 20. g4 Qe5 21. Bf3 Nb6 22. Rxd8+ Kxd8 23. Bh4 Nd7 24. a3 Bf8 25. Bg3 Qd4 26. g5 Ne5 27. Bh5 Ng6 28. Qe1 e5 29. Qa5+ Kc8 30. f3 a6 31. Kg2 c5 32. Qb6 Qxb2+ 33. Kh3 Qe2 34. Bxg6 Qxf3 35. Bxf7 Qf5+ 36. Kh2 Qxe4 37. Qe6+ Kc7 38. Bxe5+ Qxe5+ 39. Qxe5+ Bd6 40. Qxd6+ Kxd6 41. g6 c3 42. g7 c2 43. g8Q c1Q 44. Qb8+ Kc6 45. Qd8 Qf4+ 46. Kh3 Qd6 47. Be8+ Kd5 48. Bd7 Kc4 49. Bxb5+ Kd5 50. Bd7 Kc4 51. Bb5+ Kd5 52. Bc4+ Ke5 53. Qxd6+ Kxd6 54. Kg3 Kd7 55. Bf7 Be4 56. Kf4 Bd3 57. Ke5 a5 58. Be6+ Ke8 59. Kd5 c4 60. Kd4 a4 61. Kc3 1/2-1/2

[Event "WC-2018-Q-00005"]
[Site "LSS email"]
[Date "2018.09.16"]
[Round "?"]
[White "Aberbach Peltzman, Angel Sergio"]
[Black "Salvatore, Carmine"]
[Result "1/2-1/2"]
[WhiteElo "2292"]
[BlackElo "2358"]
[PlyCount "43"]
[EventDate "2018.09.22"]
[EventType "tourn (corr)"]
[EventRounds "12"]
[EventCountry "GER"]
[SourceTitle "Corr 2022"]
[Source "ChessBase"]
[SourceDate "2021.10.24"]
[SourceVersion "1"]
[SourceVersionDate "2021.10.24"]
[SourceQuality "1"]

1. e4 c5 2. Nf3 d6 3. d4 cxd4 4. Nxd4 Nf6 5. Nc3 a6 6. h3 e6 7. g4 d5 8. exd5 Nxd5 9. Nde2 Bb4 10. Bg2 0-0 11. 0-0 Nxc3 12. Nxc3 Qc7 13. Qd4 Nc6 14. Bxc6 Bxc3 15. Qxc3 bxc6 16. Be3 e5 17. Rae1 f5 18. Bc5 Re8 19. Bd4 e4 20. f4 fxg4 21. f5 gxh3 22. Qxh3 1/2-1/2

[Event "WC-2018-Q-00005"]
[Site "LSS email"]
[Date "2018.09.16"]
[Round "?"]
[White "Sitorus, Yosua"]
[Black "Salvatore, Carmine"]
[Result "1-0"]
[WhiteElo "2228"]
[BlackElo "2358"]
[PlyCount "119"]
[EventDate "2018.09.22"]
[EventType "tourn (corr)"]
[EventRounds "12"]
[EventCountry "GER"]
[SourceTitle "Corr 2022"]
[Source "ChessBase"]
[SourceDate "2021.10.24"]
[SourceVersion "1"]
[SourceVersionDate "2021.10.24"]
[SourceQuality "1"]

1. e4 c5 2. Nf3 d6 3. d4 cxd4 4. Nxd4 Nf6 5. Nc3 a6 6. Bg5 e6 7. f4 Qb6 8. Qd2 Qxb2 9. Rb1 Qa3 10. e5 dxe5 11. fxe5 Nfd7 12. Ne4 h6 13. Bh4 Qxa2 14. Rd1 Qd5 15. Qe3 Qxe5 16. Be2 Bc5 17. Bg3 Qd5 18. c4 Bxd4 19. Rxd4 Qa5+ 20. Rd2 0-0 21. Bd6 Nc6 22. 0-0 Rd8 23. g4 Nde5 24. g5 Rxd6 25. Rxd6 hxg5 26. Qxg5 f5 27. Nf6+ Kf8 28. Nh5 Qc5+ 29. Kg2 Nf7 30. Qxg7+ Ke7 31. Rxc6 Qxc6+ 32. Bf3 Qc7 33. Qf6+ Kf8 34. Re1 Qd8 35. Qg7+ Ke7 36. Qf6+ Kf8 37. Qg7+ Ke7 38. Kh1 Qd3 39. Qg3 Qd4 40. Nf4 Bd7 41. Qh4+ Ke8 42. Rg1 Ba4 43. Rg8+ Kd7 44. Rxa8 Qxc4 45. Kg2 Bc6 46. Qh5 Ke7 47. Ng6+ Kf6 48. Qh4+ Qxh4 49. Nxh4 Bb5 50. Bxb7 Nd6 51. Rf8+ Kg7 52. Rb8 Nxb7 53. Rxb7+ Kf6 54. Kg3 e5 55. Rb6+ Kf7 56. Ng6 e4 57. Kf4 Ke8 58. h4 Be2 59. Kxf5 Bd3 60. Rb8+ 1-0

[Event "WC-2018-P-00015"]
[Site "LSS email"]
[Date "2018.01.22"]
[Round "?"]
[White "Salvatore, Carmine"]
[Black "Glowatzky, Tihomir"]
[Result "1-0"]
[WhiteElo "2359"]
[BlackElo "1926"]
[PlyCount "75"]
[EventDate "2018.02.01"]
[EventType "tourn (corr)"]
[EventRounds "12"]
[EventCountry "GER"]
[SourceTitle "Corr 2022"]
[Source "ChessBase"]
[SourceDate "2021.10.24"]
[SourceVersion "1"]
[SourceVersionDate "2021.10.24"]
[SourceQuality "1"]

1. e4 c5 2. Nf3 d6 3. d4 cxd4 4. Nxd4 Nf6 5. Nc3 a6 6. Be2 e5 7. Nb3 Be7 8. 0-0 0-0 9. Qd3 Nc6 10. a3 Be6 11. Nd5 Bxd5 12. exd5 e4 13. Qe3 Ne5 14. Nd2 Qc8 15. c4 Re8 16. b3 Qf5 17. Bb2 Rac8 18. Bd4 Bd8 19. Rad1 h6 20. h3 Rc7 21. b4 Rce7 22. Qg3 Bc7 23. Rfe1 Nfd7 24. Nf1 Bb6 25. Bxb6 Nxb6 26. Ne3 Qf6 27. c5 Na4 28. Rd2 b5 29. Bd1 Nc3 30. Bg4 g6 31. Rc2 Na4 32. cxd6 Qxd6 33. Nf5 gxf5 34. Bxf5+ Kf8 35. Rc6 Qxd5 36. Rxh6 Ng6 37. Bxg6 fxg6 38. Qxg6 1-0

[Event "CP-2017-P-00036"]
[Site "LSS email"]
[Date "2017.09.27"]
[Round "?"]
[White "Borisovs, Leonids"]
[Black "Salvatore, Carmine"]
[Result "1/2-1/2"]
[WhiteElo "2158"]
[BlackElo "2361"]
[PlyCount "59"]
[EventDate "2017.10.01"]
[EventType "tourn (corr)"]
[EventRounds "6"]
[EventCountry "GER"]
[SourceTitle "Corr 2022"]
[Source "ChessBase"]
[SourceDate "2021.10.24"]
[SourceVersion "1"]
[SourceVersionDate "2021.10.24"]
[SourceQuality "1"]

1. e4 c5 2. Nf3 Nc6 3. d4 cxd4 4. Nxd4 Nf6 5. Nc3 e5 6. Ndb5 d6 7. Bg5 a6 8. Na3 b5 9. Nd5 Be7 10. Bxf6 Bxf6 11. c3 Bg5 12. Nc2 0-0 13. a4 bxa4 14. Rxa4 a5 15. Bc4 Rb8 16. Ra2 Kh8 17. Nce3 g6 18. h4 Bxh4 19. g3 Bg5 20. b3 Bxe3 21. Nxe3 Be6 22. Rd2 Qe7 23. Rxd6 Rfd8 24. Rxd8+ Nxd8 25. Nd5 Bxd5 26. Qxd5 a4 27. b4 Kg7 28. 0-0 Rc8 29. Kg2 Qe6 30. Qxe6 1/2-1/2

[Event "CP-2017-P-00036"]
[Site "LSS email"]
[Date "2017.09.27"]
[Round "?"]
[White "Colibaba, Alexandr"]
[Black "Salvatore, Carmine"]
[Result "1/2-1/2"]
[WhiteElo "2281"]
[BlackElo "2361"]
[PlyCount "66"]
[EventDate "2017.10.01"]
[EventType "tourn (corr)"]
[EventRounds "6"]
[EventCountry "GER"]
[SourceTitle "Corr 2022"]
[Source "ChessBase"]
[SourceDate "2021.10.24"]
[SourceVersion "1"]
[SourceVersionDate "2021.10.24"]
[SourceQuality "1"]

1. e4 c5 2. Nf3 d6 3. d4 cxd4 4. Nxd4 Nf6 5. Nc3 a6 6. Bg5 e6 7. f4 Qb6 8. Qd2 Qxb2 9. Rb1 Qa3 10. e5 dxe5 11. fxe5 Nfd7 12. Ne4 h6 13. Bh4 Qxa2 14. Rd1 Qd5 15. Qe3 Qxe5 16. Be2 Bc5 17. Bg3 Qd5 18. c4 Bxd4 19. Rxd4 Qa5+ 20. Rd2 0-0 21. Bd6 f5 22. Bxf8 Nxf8 23. Nd6 Nbd7 24. g4 fxg4 25. Bxg4 Ne5 26. Rg1 Bd7 27. Nxb7 Nxg4 28. Rxg4 Qf5 29. Qg3 g5 30. Nd6 Qb1+ 31. Rd1 Qb4+ 32. Rd2 Qb1+ 33. Rd1 Qb4+ 1/2-1/2

[Event "CP-2017-S-00004"]
[Site "LSS email"]
[Date "2017.02.06"]
[Round "?"]
[White "Langer, Raimund"]
[Black "Salvatore, Carmine"]
[Result "1-0"]
[WhiteElo "2483"]
[BlackElo "2362"]
[PlyCount "109"]
[EventDate "2017.02.12"]
[EventType "tourn (corr)"]
[EventRounds "7"]
[EventCountry "GER"]
[SourceTitle "Corr 2022"]
[Source "ChessBase"]
[SourceDate "2021.10.24"]
[SourceVersion "1"]
[SourceVersionDate "2021.10.24"]
[SourceQuality "1"]

1. e4 c5 2. Nf3 d6 3. d4 cxd4 4. Nxd4 Nf6 5. Nc3 a6 6. Be2 e5 7. Nb3 Be6 8. Be3 Be7 9. Qd3 Nc6 10. a3 d5 11. exd5 Nxd5 12. 0-0-0 Nxc3 13. Qxc3 Qc8 14. Kb1 0-0 15. Bb6 Bf5 16. Rhe1 Qe6 17. Bd3 Bxd3 18. Qxd3 Rfe8 19. f3 a5 20. Qb5 Rec8 21. Re4 h6 22. Rd2 Ra6 23. Be3 Rc7 24. Ra4 Bf8 25. Nxa5 Na7 26. Bxa7 Rxa7 27. Nb3 Rxa4 28. Qxa4 Be7 29. Qa5 b6 30. Qd5 Qxd5 31. Rxd5 f6 32. c3 Kf7 33. Rb5 Rc6 34. Kc2 h5 35. h3 Bd8 36. Nd2 Ke6 37. a4 Be7 38. b3 Kf5 39. b4 Kf4 40. Kb3 Kg3 41. Nc4 Bd8 42. Rd5 Rc8 43. Rd2 g6 44. Re2 Rb8 45. Ne3 f5 46. c4 h4 47. c5 bxc5 48. b5 e4 49. fxe4 fxe4 50. Kc4 Ra8 51. Ra2 g5 52. Kd5 g4 53. hxg4 Ba5 54. Nc4 Be1 55. b6 1-0

[Event "WC-2017-P-00004"]
[Site "LSS email"]
[Date "2017.01.23"]
[Round "?"]
[White "Denisov, Timofey"]
[Black "Salvatore, Carmine"]
[Result "1/2-1/2"]
[WhiteElo "2309"]
[BlackElo "2366"]
[PlyCount "62"]
[EventDate "2017.02.01"]
[EventType "tourn (corr)"]
[EventRounds "12"]
[EventCountry "GER"]
[SourceTitle "Corr 2022"]
[Source "ChessBase"]
[SourceDate "2021.10.24"]
[SourceVersion "1"]
[SourceVersionDate "2021.10.24"]
[SourceQuality "1"]

1. d4 Nf6 2. c4 e6 3. Nc3 Bb4 4. f3 d5 5. a3 Be7 6. cxd5 exd5 7. e4 Be6 8. e5 Nfd7 9. f4 c5 10. Nf3 0-0 11. Be3 f6 12. exf6 Bxf6 13. dxc5 Nc6 14. Be2 d4 15. Bxd4 Nxd4 16. Nxd4 Bf7 17. Nf3 Nxc5 18. Qxd8 Raxd8 19. 0-0 Bb3 20. g3 a6 21. Rfe1 h6 22. Bd1 Bf7 23. Ne5 Rd2 24. b4 Nd3 25. Ne4 Bxe5 26. fxe5 Rb2 27. Re2 Rxe2 28. Bxe2 Nxe5 29. Rc1 Bd5 30. Rc5 Bxe4 31. Rxe5 Bc6 1/2-1/2

[Event "WC-2017-P-00004"]
[Site "LSS email"]
[Date "2017.01.23"]
[Round "?"]
[White "Glowatzky, Tihomir"]
[Black "Salvatore, Carmine"]
[Result "0-1"]
[WhiteElo "2003"]
[BlackElo "2366"]
[PlyCount "104"]
[EventDate "2017.02.01"]
[EventType "tourn (corr)"]
[EventRounds "12"]
[EventCountry "GER"]
[SourceTitle "Corr 2022"]
[Source "ChessBase"]
[SourceDate "2021.10.24"]
[SourceVersion "1"]
[SourceVersionDate "2021.10.24"]
[SourceQuality "1"]

1. Nf3 c5 2. c4 Nc6 3. Nc3 Nf6 4. d4 cxd4 5. Nxd4 e6 6. Ndb5 d5 7. Bf4 e5 8. cxd5 exf4 9. dxc6 bxc6 10. Qxd8+ Kxd8 11. Rd1+ Bd7 12. Nd6 Bxd6 13. Rxd6 Ke7 14. Rd4 Nd5 15. Kd2 Be6 16. Nxd5+ Bxd5 17. b3 Rhd8 18. Kc3 Be6 19. Rxf4 Rd5 20. Ra4 a5 21. g3 Rc5+ 22. Kd4 Rd5+ 23. Ke3 Re5+ 24. Kf3 Rf5+ 25. Kg2 Rd8 26. f4 Rc5 27. Kf2 Rd2 28. Bg2 Rcc2 29. Bf3 Rxa2 30. Rb1 Rxa4 31. bxa4 Kd6 32. Rb6 Kc5 33. Rxc6+ Kb4 34. Rc7 Rd7 35. Rc1 Bb3 36. Rc8 Re7 37. Rb8+ Kxa4 38. e4 Ka3 39. Ke3 a4 40. e5 Rc7 41. f5 Rc3+ 42. Ke2 Rc5 43. e6 fxe6 44. fxe6 Bxe6 45. Be4 Bb3 46. Bxh7 Kb2 47. Bg8 Rc3 48. Bxb3 Rxb3 49. Rd8 a3 50. Rd2+ Ka1 51. Rd1+ Rb1 52. Rd2 Rb2 0-1